[Event "Kronborg Chess Open 2024 GM"]
[Site "Helsingor"]
[Date "2024.05.08"]
[Round "1"]
[White "Stefansson, Vignir Vatnar"]
[Black "Kunin, Vitaly"]
[Result "1/2-1/2"]
[WhiteElo "2463"]
[BlackElo "2525"]
[PlyCount "87"]
[EventDate "2024.05.08"]
[EventType "tourn"]
[EventRounds "9"]
[EventCountry "DEN"]
[SourceTitle "Live from Kronborg Chess Open 2024"]

1. d4 Nf6 2. c4 e6 3. g3 Bb4+ 4. Nd2 O-O 5. Bg2 d6 6. Ngf3 Qe7 7. O-O e5 8. Nb3 exd4 9. Nfxd4 c6 10. Bf4 Nh5 11. Be3 Na6 12. Qc2 f5 13. Qc1 Bd7 14. a3 Bc5 15. Nxc5 Nxc5 16. b4 Ne4 17. f3 Nef6 18. Qd2 Rae8 19. Bf2 a6 20. Rfd1 c5 21. Nb3 Ba4 22. Rab1 Rd8 23. Qe3 Qxe3 24. Bxe3 Rfe8 25. Kf2 b5 26. cxb5 c4 27. Nd4 f4 28. Bd2 axb5 29. Rdc1 Nd5 30. Bh3 Kf7 31. Bf5 g6 32. Be4 fxg3+ 33. hxg3 Rxe4 34. fxe4 Ndf6 35. Kg2 Re8 36. Rf1 Rxe4 37. e3 Kg8 38. Rf3 Re8 39. Rbf1 Ne4 40. Bc1 Ng5 41. R3f2 Ne4 42. Rf3 Ng5 43. R3f2 Ne4 44. Rf3 1/2-1/2

[Event "Kronborg Chess Open 2024 GM"]
[Site "Helsingor"]
[Date "2024.05.08"]
[Round "1"]
[White "Borge, Nikolaj"]
[Black "Kaasen, Tor Fredrik"]
[Result "0-1"]
[WhiteElo "2389"]
[BlackElo "2451"]
[PlyCount "80"]
[EventDate "2024.05.08"]
[EventType "tourn"]
[EventRounds "9"]
[EventCountry "DEN"]
[SourceTitle "Live from Kronborg Chess Open 2024"]

1. e4 c5 2. Nf3 Nc6 3. Bb5 e6 4. O-O Nge7 5. Re1 a6 6. Bf1 d5 7. exd5 Nxd5 8. d4 Nf6 9. Be3 Be7 10. Nc3 cxd4 11. Nxd4 Bd7 12. Nb3 Qc7 13. Bg5 O-O 14. a3 Rfd8 15. Qf3 Rac8 16. Re3 b5 17. Rae1 Be8 18. Qh3 b4 19. axb4 Nxb4 20. Rg3 Nxc2 21. Rc1 Qb6 22. Rxc2 Qxb3 23. Bxf6 Bxf6 24. Ne4 Qxc2 25. Nxf6+ Kf8 26. Nxh7+ Kg8 27. Nf6+ Kf8 28. Qh8+ Ke7 29. Ng8+ Kd6 30. Qxg7 Bb5 31. Qd4+ Kc6 32. Rc3+ Kb7 33. Qxd8 Qxc3 34. Qe7+ Qc7 35. Bxb5 axb5 36. Qxc7+ Kxc7 37. Nf6 Kd6 38. g4 Ke5 39. g5 Kf5 40. h4 Rh8 0-1

[Event "Kronborg Chess Open 2024 GM"]
[Site "Helsingor"]
[Date "2024.05.08"]
[Round "1"]
[White "Falkesgaard, Jeppe Hald"]
[Black "Hansen, Sune Berg"]
[Result "1/2-1/2"]
[WhiteElo "2353"]
[BlackElo "2513"]
[PlyCount "143"]
[EventDate "2024.05.08"]
[EventType "tourn"]
[EventRounds "9"]
[EventCountry "DEN"]
[SourceTitle "Live from Kronborg Chess Open 2024"]

1. d4 Nf6 2. c4 e6 3. Nc3 Bb4 4. Qc2 d6 5. Nf3 Nbd7 6. Bg5 O-O 7. e3 c5 8. a3 Qa5 9. Rc1 Bxc3+ 10. Qxc3 Qxc3+ 11. Rxc3 Ne4 12. Rc1 b6 13. Bd3 Ndf6 14. Bf4 Bb7 15. O-O h6 16. h4 Rac8 17. Rfd1 Rfd8 18. Nd2 Nxd2 19. Rxd2 d5 20. b3 cxd4 21. exd4 dxc4 22. bxc4 Ba6 23. Rdd1 Rc6 24. Rc2 Kf8 25. Be3 Rdc8 26. Rdc1 R6c7 27. f3 Ne8 28. Rc3 Rc6 29. Kf2 Nd6 30. c5 Bxd3 31. Rxd3 Nf5 32. Bd2 Ne7 33. Rb3 Nd5 34. cxb6 axb6 35. Rxc6 Rxc6 36. Ke2 Rc2 37. Kd3 Ra2 38. g3 Ke8 39. h5 Kd7 40. g4 Ra1 41. Ke2 Kc6 42. f4 Rg1 43. Kf3 f5 44. gxf5 exf5 45. Kf2 Rg4 46. a4 Nf6 47. Kf3 Rh4 48. Rb5 Rxh5 49. Re5 Rh3+ 50. Ke2 Ne4 51. Bb4 Rb3 52. Bf8 h5 53. d5+ Kb7 54. Re7+ Ka6 55. Rxg7 h4 56. d6 h3 57. Rh7 h2 58. d7 Rb2+ 59. Ke3 Rd2 60. Rxh2 Rxd7 61. Rb2 Nc3 62. Rd2 Nd1+ 63. Ke2 Nc3+ 64. Ke3 Rxd2 65. Kxd2 Nd5 66. Bd6 Ka5 67. Kd3 Kxa4 68. Kd4 Nf6 69. Ke5 Ne4 70. Be7 Ng3 71. Bh4 Ne2 72. Kd5 1/2-1/2

[Event "Kronborg Chess Open 2024 GM"]
[Site "Helsingor"]
[Date "2024.05.08"]
[Round "1"]
[White "Vinter Schou, Uffe"]
[Black "Domalchuk Jonasson, Aleksandr"]
[Result "0-1"]
[WhiteElo "2340"]
[BlackElo "2370"]
[PlyCount "82"]
[EventDate "2024.05.08"]
[EventType "tourn"]
[EventRounds "9"]
[EventCountry "DEN"]
[SourceTitle "Live from Kronborg Chess Open 2024"]

1. e4 e6 2. d4 d5 3. Nd2 Nf6 4. e5 Nfd7 5. c3 c5 6. f4 Nc6 7. Ndf3 Qb6 8. a3 a5 9. b3 f6 10. Bd3 Be7 11. Ne2 cxd4 12. cxd4 O-O 13. h4 Nd8 14. Bb1 f5 15. h5 Nf7 16. g4 Nh6 17. gxf5 exf5 18. Nc3 Qc6 19. Bd2 b5 20. Bd3 Ba6 21. Qe2 b4 22. Nb5 bxa3 23. O-O Qb6 24. Nxa3 Rfb8 25. Rfb1 Bxd3 26. Qxd3 Nf8 27. Nc2 Ne6 28. Kg2 g6 29. hxg6 hxg6 30. Kg3 Ng7 31. Ra4 Nf7 32. Kg2 Nh5 33. Be3 Nd8 34. Nce1 Ne6 35. Qd2 Qb5 36. Rba1 Bb4 37. Qf2 Nexf4+ 38. Bxf4 Nxf4+ 39. Kg3 Qe2 40. R4a2 Bxe1 41. Rxe2 Nxe2+ 0-1

[Event "Kronborg Chess Open 2024 GM"]
[Site "Helsingor"]
[Date "2024.05.08"]
[Round "1"]
[White "Heimisson, Hilmir Freyr"]
[Black "Haubro, Martin"]
[Result "1-0"]
[WhiteElo "2378"]
[BlackElo "2416"]
[PlyCount "51"]
[EventDate "2024.05.08"]
[EventType "tourn"]
[EventRounds "9"]
[EventCountry "DEN"]
[SourceTitle "Live from Kronborg Chess Open 2024"]

1. d4 Nf6 2. c4 e6 3. Nf3 d5 4. Nc3 c6 5. Bg5 h6 6. Bh4 dxc4 7. e4 g5 8. Bg3 b5 9. Be2 Bb7 10. O-O Nbd7 11. Ne5 Bg7 12. Nxd7 Nxd7 13. Bd6 e5 14. Bg4 exd4 15. e5 dxc3 16. e6 Nf6 17. Bh5 Nxh5 18. Qxh5 Qf6 19. exf7+ Kd8 20. Rad1 c2 21. Be5+ cxd1=Q 22. Rxd1+ Ke7 23. Bxf6+ Bxf6 24. Qe2+ Kf8 25. Rd7 Bc8 26. Qe8+ 1-0

[Event "Kronborg Chess Open 2024 GM"]
[Site "Helsingor"]
[Date "2024.05.08"]
[Round "2"]
[White "Stefansson, Vignir Vatnar"]
[Black "Borge, Nikolaj"]
[Result "1-0"]
[WhiteElo "2463"]
[BlackElo "2389"]
[PlyCount "71"]
[EventDate "2024.05.08"]
[EventType "tourn"]
[EventRounds "9"]
[EventCountry "DEN"]
[SourceTitle "Live from Kronborg Chess Open 2024"]

1. d4 d5 2. c4 dxc4 3. Nf3 Nf6 4. e3 e6 5. Bxc4 c5 6. O-O a6 7. Nc3 Nc6 8. d5 Na5 9. b3 b5 10. Bd3 b4 11. dxe6 Bxe6 12. Ne4 Be7 13. Bb2 O-O 14. Nfg5 Nxe4 15. Nxe6 fxe6 16. Bxe4 Qxd1 17. Rfxd1 Ra7 18. Rac1 Rc8 19. Bd3 Kf7 20. Be2 g6 21. f4 Ke8 22. g4 Rd8 23. g5 Nc6 24. h4 Rad7 25. Rxd7 Rxd7 26. Rc2 a5 27. Kf2 Bd6 28. h5 Kd8 29. Bg4 gxh5 30. Bxe6 Ra7 31. Kf3 a4 32. Rh2 axb3 33. axb3 Kc7 34. Rxh5 Kb6 35. Bg8 Ra2 36. Bf6 1-0

[Event "Kronborg Chess Open 2024 GM"]
[Site "Helsingor"]
[Date "2024.05.08"]
[Round "2"]
[White "Kaasen, Tor Fredrik"]
[Black "Falkesgaard, Jeppe Hald"]
[Result "1-0"]
[WhiteElo "2451"]
[BlackElo "2353"]
[PlyCount "63"]
[EventDate "2024.05.08"]
[EventType "tourn"]
[EventRounds "9"]
[EventCountry "DEN"]
[SourceTitle "Live from Kronborg Chess Open 2024"]

1. e4 c5 2. Nf3 e6 3. d4 cxd4 4. Nxd4 Nc6 5. Nc3 Qc7 6. Be2 a6 7. Nxc6 bxc6 8. Qd3 a5 9. Qg3 Qxg3 10. hxg3 Nf6 11. g4 Bb4 12. Bd2 O-O 13. e5 Nd5 14. Bd3 g6 15. g5 Nxc3 16. bxc3 Bc5 17. Rh4 Kg7 18. c4 a4 19. Ke2 a3 20. Rah1 Rh8 21. Bc3 Be7 22. f4 Ra4 23. c5 Kg8 24. Bd2 Bxc5 25. Rb1 Ba6 26. Bxa6 Rxa6 27. Rb7 Kg7 28. Rh3 Rd8 29. Rd3 Kf8 30. Rdxd7 Rxd7 31. Rxd7 Rb6 32. Bc3 1-0

[Event "Kronborg Chess Open 2024 GM"]
[Site "Helsingor"]
[Date "2024.05.08"]
[Round "2"]
[White "Hansen, Sune Berg"]
[Black "Vinter Schou, Uffe"]
[Result "1-0"]
[WhiteElo "2513"]
[BlackElo "2340"]
[PlyCount "97"]
[EventDate "2024.05.08"]
[EventType "tourn"]
[EventRounds "9"]
[EventCountry "DEN"]
[SourceTitle "Live from Kronborg Chess Open 2024"]

1. Nf3 c5 2. e4 e6 3. d3 Nc6 4. g3 Nf6 5. Bg2 Be7 6. O-O d6 7. Nc3 O-O 8. Ng5 h6 9. Nh3 d5 10. exd5 exd5 11. Nf4 Bg4 12. f3 Bc8 13. Kh1 Re8 14. Bd2 Nd4 15. Re1 g5 16. Nh3 Bf5 17. Nf2 Qd7 18. Ne2 Nc6 19. c3 Rad8 20. Ng1 Bd6 21. Rxe8+ Rxe8 22. Qf1 Ne7 23. Re1 Qa4 24. a3 Qb3 25. Bc1 b5 26. Bh3 Bg6 27. Re2 Rd8 28. Qe1 Kf8 29. Rd2 Nc6 30. Bf1 d4 31. Qd1 Qxd1 32. Rxd1 dxc3 33. bxc3 a6 34. Ne2 Re8 35. Kg2 Nd5 36. Ne4 Be7 37. g4 f5 38. gxf5 Bxf5 39. h4 gxh4 40. Bxh6+ Kf7 41. Kh2 Ne5 42. Bg2 Rd8 43. Bc1 Nc7 44. Bf4 Ke6 45. d4 Bxe4 46. Bxe5 Bc2 47. Rd2 cxd4 48. Bxc7 Rc8 49. Bh3+  1-0

[Event "Kronborg Chess Open 2024 GM"]
[Site "Helsingor"]
[Date "2024.05.08"]
[Round "2"]
[White "Domalchuk Jonasson, Aleksandr"]
[Black "Heimisson, Hilmir Freyr"]
[Result "1/2-1/2"]
[WhiteElo "2370"]
[BlackElo "2378"]
[PlyCount "163"]
[EventDate "2024.05.08"]
[EventType "tourn"]
[EventRounds "9"]
[EventCountry "DEN"]
[SourceTitle "Live from Kronborg Chess Open 2024"]

1. d4 Nf6 2. c4 e6 3. Nf3 Bb4+ 4. Nbd2 b6 5. g3 Ba6 6. Qc2 Bb7 7. Bg2 Be4 8. Qb3 Bxd2+ 9. Bxd2 O-O 10. O-O d6 11. Rfe1 Nbd7 12. Rad1 Qc8 13. Bf1 h6 14. Bc3 Bb7 15. Qc2 Ne4 16. Bb4 c5 17. Ba3 Ndf6 18. b3 Ng4 19. Ra1 Ngxf2 20. e3 Ng4 21. Bg2 f5 22. Bb2 Qe8 23. Nd2 Qh5 24. h3 Ngf2 25. Nxe4 Nxh3+ 26. Bxh3 Qxh3 27. Qg2 Qxg2+ 28. Kxg2 Bxe4+ 29. Kf2 Rfd8 30. Red1 Kf7 31. Rd2 g5 32. Rad1 Ke7 33. Bc3 cxd4 34. Rxd4 a5 35. R4d2 e5 36. b4 Ke6 37. c5 bxc5 38. bxc5 d5 39. Rb2 Rdb8 40. Rdd2 f4 41. gxf4 gxf4 42. exf4 exf4 43. Rxb8 Rxb8 44. Bxa5 Kd7 45. Bc3 Ra8 46. Rb2 Ra3 47. Bd2 h5 48. Ke1 f3 49. Bf4 Rc3 50. Rh2 Bg6 51. Kf2 d4 52. Be5 Rd3 53. Rh4 Rd2+ 54. Kxf3 d3 55. Rd4+ Ke6 56. Bf4 Rxa2 57. c6 Rc2 58. c7 Bf5 59. Ke3 h4 60. Rd6+ Ke7 61. Rh6 h3 62. Bd6+ Kf7 63. Be5 Re2+ 64. Kf4 Rf2+ 65. Ke3 Re2+ 66. Kf4 Bc8 67. Rh8 h2 68. Rxc8 Rc2 69. Rh8 d2 70. Kf5 Rxc7 71. Rxh2 d1=Q 72. Rh7+ Ke8 73. Rxc7 Qf3+ 74. Ke6 Qh3+ 75. Kd6 Qh6+ 76. Kd5 Kd8 77. Ke4 Qe6 78. Kd4 Qb6+ 79. Ke4 Qg6+ 80. Kd4 Qb6+ 81. Ke4 Qxc7 82. Bxc7+ 1/2-1/2

[Event "Kronborg Chess Open 2024 GM"]
[Site "Helsingor"]
[Date "2024.05.08"]
[Round "2"]
[White "Kunin, Vitaly"]
[Black "Haubro, Martin"]
[Result "1-0"]
[WhiteElo "2525"]
[BlackElo "2416"]
[PlyCount "135"]
[EventDate "2024.05.08"]
[EventType "tourn"]
[EventRounds "9"]
[EventCountry "DEN"]
[SourceTitle "Live from Kronborg Chess Open 2024"]

1. e4 c5 2. Nf3 d6 3. d4 cxd4 4. Qxd4 Nc6 5. Qe3 g6 6. h3 Bg7 7. Bc4 Nf6 8. Nc3 O-O 9. O-O a6 10. Rd1 Qc7 11. a3 b5 12. Ba2 Bb7 13. Qe2 Rac8 14. Bg5 Na5 15. Rd3 h6 16. Bf4 Nc4 17. Bxc4 Qxc4 18. Re1 Nd7 19. Qd1 Rfe8 20. Qc1 Kh7 21. Nd2 Qc7 22. Rf3 a5 23. Nxb5 Qxc2 24. Nc3 Qxc1 25. Rxc1 f5 26. h4 Nc5 27. Re1 e5 28. Bh2 fxe4 29. Rf7 Kg8 30. Rxb7 Nxb7 31. Ndxe4 Red8 32. Nd5 Rc2 33. b4 axb4 34. axb4 Ra8 35. g4 Rca2 36. Kg2 Ra1 37. Re3 R8a3 38. Nec3 Nd8 39. Re4 Ne6 40. Rc4 Kf7 41. Bg3 Bf8 42. b5 Rb3 43. Rc8 Rc1 44. b6 Rc2 45. Ra8 Nc5 46. Ra7+ Ke6 47. Nc7+ Kd7 48. N7b5+ Kc6 49. Rf7 Rcxc3 50. Nxc3 Rxc3 51. Rxf8 g5 52. h5 Ne4 53. f3 Nc5 54. Rf6 Rc2+ 55. Kh3 Rc3 56. Bxe5 Rd3 57. Bg3 Nb7 58. Rxh6 Rxf3 59. Rg6 Nc5 60. Kg2 Rf7 61. Rxd6+ Kb7 62. Rg6 Ne4 63. h6 Nf6 64. Rxg5 Rh7 65. Be5 Rxh6 66. Bxf6 Rxf6 67. Rb5 Kc6 68. b7 1-0

[Event "Kronborg Chess Open 2024 GM"]
[Site "Helsingor"]
[Date "2024.05.09"]
[Round "3"]
[White "Falkesgaard, Jeppe Hald"]
[Black "Stefansson, Vignir Vatnar"]
[Result "0-1"]
[WhiteElo "2353"]
[BlackElo "2463"]
[PlyCount "104"]
[EventDate "2024.05.08"]
[EventType "tourn"]
[EventRounds "9"]
[EventCountry "DEN"]
[SourceTitle "Live from Kronborg Chess Open 2024"]

1. c4 b6 2. d4 Nf6 3. Nc3 Bb7 4. d5 e6 5. e4 Bb4 6. Bd3 Bxc3+ 7. bxc3 d6 8. Nf3 Nbd7 9. Qe2 Qe7 10. O-O O-O 11. Bg5 h6 12. Bh4 Rfe8 13. Nd4 Qf8 14. Qc2 e5 15. Nf5 g6 16. Ne3 Nh5 17. Be2 Nhf6 18. Rae1 Qg7 19. Bxf6 Nxf6 20. g3 Bc8 21. Bf3 Bh3 22. Bg2 Bxg2 23. Nxg2 Re7 24. h3 a5 25. Kh2 h5 26. Re2 Rae8 27. Qd2 Rf8 28. Qg5 Ree8 29. Ne1 Nh7 30. Qd2 f5 31. f4 exf4 32. Rxf4 Qe7 33. Nd3 g5 34. Rf1 fxe4 35. Rfe1 Rf3 36. Nf2 Qf6 37. Kg2 Qxc3 38. Nxe4 Rxg3+ 39. Nxg3 Qxd2 40. Rxd2 Rxe1 41. Nxh5 Rc1 42. Re2 Kf7 43. Re6 Rxc4 44. Rh6 Nf8 45. Rf6+ Ke7 46. Rf5 Nh7 47. Kg3 Rc2 48. Ng7 Rxa2 49. Kg4 Nf6+ 50. Kxg5 Rg2+ 51. Kh6 Kf7 52. Ne6 Rg6# 0-1

[Event "Kronborg Chess Open 2024 GM"]
[Site "Helsingor"]
[Date "2024.05.09"]
[Round "3"]
[White "Borge, Nikolaj"]
[Black "Kunin, Vitaly"]
[Result "0-1"]
[WhiteElo "2389"]
[BlackElo "2525"]
[PlyCount "96"]
[EventDate "2024.05.08"]
[EventType "tourn"]
[EventRounds "9"]
[EventCountry "DEN"]
[SourceTitle "Live from Kronborg Chess Open 2024"]

1. e4 c5 2. Nf3 g6 3. d4 cxd4 4. Nxd4 Nc6 5. Nc3 Bg7 6. Be3 Nf6 7. Bc4 O-O 8. Bb3 d5 9. exd5 Na5 10. O-O Nxb3 11. Nxb3 b6 12. Qd2 Bb7 13. Rfd1 Qc7 14. Bf4 Qc4 15. Bh6 Rfd8 16. Bxg7 Kxg7 17. Qg5 Nxd5 18. Rd4 Qc6 19. Rad1 Nxc3 20. Qe5+ Qf6 21. Qxf6+ Kxf6 22. Rxd8 Nxd1 23. Rxd1 Bc6 24. Nd4 Rd8 25. f4 Bb7 26. c3 Rd5 27. Rf1 a5 28. g4 e6 29. g5+ Ke7 30. Re1 Kd6 31. Kf2 Ba6 32. Re3 h5 33. h4 b5 34. Nf3 b4 35. Ke1 bxc3 36. bxc3 Bb5 37. Ne5 Be8 38. Rd3 Rxd3 39. Nxd3 Kd5 40. Kd2 Ke4 41. c4 e5 42. fxe5 Kd4 43. c5 Bd7 44. a3 Bf5 45. Nc1 Be6 46. c6 Kxe5 47. c7 Kd6 48. Nb3 Kxc7 0-1

[Event "Kronborg Chess Open 2024 GM"]
[Site "Helsingor"]
[Date "2024.05.09"]
[Round "3"]
[White "Vinter Schou, Uffe"]
[Black "Kaasen, Tor Fredrik"]
[Result "0-1"]
[WhiteElo "2340"]
[BlackElo "2451"]
[PlyCount "70"]
[EventDate "2024.05.08"]
[EventType "tourn"]
[EventRounds "9"]
[EventCountry "DEN"]
[SourceTitle "Live from Kronborg Chess Open 2024"]

1. e4 c5 2. Nf3 Nc6 3. Bb5 g6 4. c3 Nf6 5. Qe2 e5 6. O-O Bg7 7. d4 cxd4 8. cxd4 exd4 9. e5 Nd5 10. Bg5 Nde7 11. Rd1 Qb6 12. Na3 O-O 13. Bxe7 Nxe7 14. Rxd4 d5 15. Nc2 a6 16. Bd3 Nc6 17. Rxd5 Be6 18. Rd6 Qxb2 19. Re1 Rad8 20. Rxe6 fxe6 21. Bc4 Kh8 22. Qe4 Qb6 23. Ne3 Nd4 24. Ng5 Bh6 25. h4 Bxg5 26. hxg5 Qb4 27. Rb1 Qd2 28. f3 Nxf3+ 29. gxf3 Rd4 30. Rd1 Rxe4 31. Rxd2 Rxe3 32. Bxe6 Rxe5 33. Rd6 Rxg5+ 34. Kf2 Rc5 35. Bd5 b5 0-1

[Event "Kronborg Chess Open 2024 GM"]
[Site "Helsingor"]
[Date "2024.05.09"]
[Round "3"]
[White "Heimisson, Hilmir Freyr"]
[Black "Hansen, Sune Berg"]
[Result "1/2-1/2"]
[WhiteElo "2378"]
[BlackElo "2513"]
[PlyCount "85"]
[EventDate "2024.05.08"]
[EventType "tourn"]
[EventRounds "9"]
[EventCountry "DEN"]
[SourceTitle "Live from Kronborg Chess Open 2024"]

1. e4 c5 2. Nf3 Nc6 3. d4 cxd4 4. Nxd4 Nf6 5. Nc3 e5 6. Ndb5 d6 7. Nd5 Nxd5 8. exd5 Nb8 9. a4 Be7 10. Bd2 O-O 11. Be2 Nd7 12. a5 f5 13. c4 a6 14. Nc3 Bg5 15. O-O e4 16. f4 exf3 17. Bxf3 Ne5 18. c5 dxc5 19. Na4 Nxf3+ 20. Rxf3 f4 21. Nb6 Rb8 22. b4 cxb4 23. Bxb4 Rf7 24. h3 Bf5 25. Qe2 Bf6 26. Rd1 g5 27. d6 Qe8 28. Qf2 Qb5 29. Nd5 Bg7 30. Qe1 Re8 31. Ne7+ Kh8 32. Bc3 Qc5+ 33. Kh1 Bd7 34. Rfd3 g4 35. Bxg7+ Rxg7 36. hxg4 Qg5 37. Qf2 Bxg4 38. Rf1 f3 39. Rxf3 Qh5+ 40. Rh3 Bxh3 41. Qf8+ Rg8 42. Qf6+ Rg7 43. Qf8+ 1/2-1/2

[Event "Kronborg Chess Open 2024 GM"]
[Site "Helsingor"]
[Date "2024.05.09"]
[Round "3"]
[White "Haubro, Martin"]
[Black "Domalchuk Jonasson, Aleksandr"]
[Result "1/2-1/2"]
[WhiteElo "2416"]
[BlackElo "2370"]
[PlyCount "126"]
[EventDate "2024.05.08"]
[EventType "tourn"]
[EventRounds "9"]
[EventCountry "DEN"]
[SourceTitle "Live from Kronborg Chess Open 2024"]

1. e4 c6 2. d4 d5 3. e5 c5 4. dxc5 e6 5. Nf3 Bxc5 6. a3 f6 7. b4 Be7 8. Bb2 a5 9. b5 Nd7 10. c4 Nxe5 11. Nxe5 fxe5 12. Bxe5 Nf6 13. Be2 O-O 14. Nc3 Nd7 15. Bg3 Nb6 16. cxd5 Bf6 17. Rc1 exd5 18. O-O Be6 19. Na4 Nxa4 20. Qxa4 Qb6 21. Bc7 Qd4 22. Qxd4 Bxd4 23. a4 Rf7 24. Bf3 Rc8 25. b6 Rd7 26. Rfd1 Bf6 27. Rc5 Bd8 28. Rdc1 Bxc7 29. bxc7 Kf7 30. Kf1 Ke7 31. Rxa5 Rdxc7 32. Rxc7+ Rxc7 33. Bxd5 b6 34. Rb5 Bxd5 35. Rxd5 Rc4 36. Rb5 Rxa4 37. Rxb6 Kf7 38. g3 h5 39. h3 g6 40. Kg2 Ra3 41. Rb5 Kf6 42. h4 Rc3 43. Rg5 Rc2 44. Kf3 Ra2 45. Rd5 Ke6 46. Rd3 Ke5 47. Rb3 Kf5 48. Rb5+ Kf6 49. Rb4 Ra3+ 50. Ke4 Ra6 51. f3 Re6+ 52. Kf4 Ra6 53. Rc4 Rb6 54. Rc5 Rb4+ 55. Ke3 Rb3+ 56. Ke4 Rb4+ 57. Kd3 Rb3+ 58. Rc3 Rb4 59. f4 Ra4 60. Ke3 Ra5 61. Kf3 Rb5 62. g4 hxg4+ 63. Kxg4 Ra5 1/2-1/2

[Event "Kronborg Chess Open 2024 GM"]
[Site "Helsingor"]
[Date "2024.05.09"]
[Round "4"]
[White "Borge, Nikolaj"]
[Black "Falkesgaard, Jeppe Hald"]
[Result "0-1"]
[WhiteElo "2389"]
[BlackElo "2353"]
[PlyCount "123"]
[EventDate "2024.05.08"]
[EventType "tourn"]
[EventRounds "9"]
[EventCountry "DEN"]
[SourceTitle "Live from Kronborg Chess Open 2024"]

1. e4 c5 2. Nf3 Nc6 3. Bb5 Nf6 4. e5 Nd5 5. Nc3 Nc7 6. Bxc6 dxc6 7. d3 g6 8. h3 Bg7 9. O-O O-O 10. Re1 Ne6 11. Ne4 f5 12. exf6 exf6 13. Be3 b6 14. Ned2 Qd5 15. Nc4 b5 16. Na5 f5 17. Bc1 Bd7 18. a4 a6 19. Nb3 h6 20. c3 g5 21. d4 c4 22. Nc5 Nxc5 23. dxc5 f4 24. Qxd5+ cxd5 25. h4 b4 26. cxb4 g4 27. Ne5 Rae8 28. Bxf4 Rxf4 29. Nxd7 Rd8 30. Ne5 Re8 31. g3 Rff8 32. Nxg4 Bxb2 33. Rxe8 Rxe8 34. Rf1 c3 35. b5 axb5 36. axb5 Rb8 37. Nf6+ Kf7 38. Nxd5 Rxb5 39. Ne3 Rxc5 40. Nc2 Rd5 41. f3 Rd2 42. Rf2 Ke6 43. Kf1 Rd1+ 44. Ke2 Rd8 45. Ke3 Kd5 46. f4 Kc4 47. f5 Bc1+ 48. Ke4 Re8+ 49. Kf3 Bd2 50. Re2 Rd8 51. g4 Kb3 52. Ne1 Bxe1 53. Rxe1 c2 54. Rc1 Rd1 55. Rxc2 Kxc2 56. g5 hxg5 57. hxg5 Kd3 58. g6 Rf1+ 59. Kg4 Ke4 60. Kg5 Ke5 61. g7 Rg1+ 62. Kh6 0-1

[Event "Kronborg Chess Open 2024 GM"]
[Site "Helsingor"]
[Date "2024.05.09"]
[Round "4"]
[White "Kaasen, Tor Fredrik"]
[Black "Heimisson, Hilmir Freyr"]
[Result "0-1"]
[WhiteElo "2451"]
[BlackElo "2378"]
[PlyCount "108"]
[EventDate "2024.05.08"]
[EventType "tourn"]
[EventRounds "9"]
[EventCountry "DEN"]
[SourceTitle "Live from Kronborg Chess Open 2024"]

1. d4 Nf6 2. c4 c6 3. Nf3 d5 4. e3 Bf5 5. Nc3 e6 6. Nh4 Bg6 7. Be2 Nbd7 8. O-O Be7 9. g3 O-O 10. Nxg6 hxg6 11. Qc2 e5 12. dxe5 Nxe5 13. Rd1 Qc8 14. cxd5 cxd5 15. f4 Ned7 16. Bf3 Nb6 17. Qg2 Rd8 18. g4 Bc5 19. Kh1 Qe6 20. Nb5 Qe7 21. b3 a6 22. Nd4 Rac8 23. Rd3 Nbd7 24. Nc2 Bb6 25. g5 Ne4 26. Rxd5 Ndc5 27. Re5 Qc7 28. Ne1 Nd3 29. Nxd3 Rxd3 30. h4 Rc3 31. Rxe4 Rxc1+ 32. Rxc1 Qxc1+ 33. Qg1 Qd2 34. Rc4 Rxc4 35. bxc4 Bxe3 36. Qf1 Bxf4 37. Qe2 Qxe2 38. Bxe2 Bg3 39. c5 Bxh4 40. Bf3 Bf2 41. Bxb7 Bxc5 42. Bxa6 Be3 43. a4 Bxg5 44. Bc4 Bd8 45. Kg2 Kf8 46. Kf3 Ke7 47. Kf4 Bc7+ 48. Kg5 Ba5 49. Kh4 Bd2 50. Bb3 f5 51. a5 g5+ 52. Kh5 Kf6 53. a6 Be3 54. Bd1 g6+ 0-1

[Event "Kronborg Chess Open 2024 GM"]
[Site "Helsingor"]
[Date "2024.05.09"]
[Round "4"]
[White "Hansen, Sune Berg"]
[Black "Haubro, Martin"]
[Result "1-0"]
[WhiteElo "2513"]
[BlackElo "2416"]
[PlyCount "75"]
[EventDate "2024.05.08"]
[EventType "tourn"]
[EventRounds "9"]
[EventCountry "DEN"]
[SourceTitle "Live from Kronborg Chess Open 2024"]

1. e4 c5 2. Nf3 d6 3. h3 Nf6 4. Nc3 Nc6 5. d4 cxd4 6. Nxd4 e5 7. Nxc6 bxc6 8. Bd3 Be7 9. O-O O-O 10. Qe2 Be6 11. Na4 Nd7 12. b3 Re8 13. c4 c5 14. Nc3 Nb6 15. Be3 Bg5 16. Rad1 a6 17. Rd2 Bxe3 18. fxe3 Ra7 19. Qf3 Qg5 20. Be2 Nc8 21. Kh2 Qh6 22. Qg3 Rd7 23. Rd3 Qg6 24. Qh4 h6 25. Rf3 Qg5 26. Qf2 Rf8 27. Rd1 Qd8 28. Qg3 Qa5 29. Qe1 Ne7 30. Rf1 Qd8 31. Rd3 Nc6 32. Qg3 Qe7 33. Rfd1 Rfd8 34. Bg4 Qg5 35. Bxe6 Qxg3+ 36. Kxg3 fxe6 37. Na4 Nb8 38. Nb6 1-0

[Event "Kronborg Chess Open 2024 GM"]
[Site "Helsingor"]
[Date "2024.05.09"]
[Round "4"]
[White "Kunin, Vitaly"]
[Black "Domalchuk Jonasson, Aleksandr"]
[Result "1-0"]
[WhiteElo "2525"]
[BlackElo "2370"]
[PlyCount "91"]
[EventDate "2024.05.08"]
[EventType "tourn"]
[EventRounds "9"]
[EventCountry "DEN"]
[SourceTitle "Live from Kronborg Chess Open 2024"]

1. d4 Nf6 2. c4 e6 3. Nf3 d5 4. Nc3 a6 5. cxd5 exd5 6. Bg5 Be6 7. Bxf6 Qxf6 8. Qb3 Ra7 9. g3 Bd6 10. h4 Nd7 11. Bh3 Bxh3 12. Rxh3 c6 13. Kf1 O-O 14. Kg2 Re8 15. h5 h6 16. Rh4 Qd8 17. e4 dxe4 18. Rxe4 Rxe4 19. Nxe4 Be7 20. Re1 b6 21. Ne5 Nxe5 22. dxe5 b5 23. Rd1 Rd7 24. Rxd7 Qxd7 25. f4 c5 26. Qf3 c4 27. Nc3 Qd2+ 28. Qe2 Qd7 29. Qd1 Qf5 30. a3 Kh8 31. Qf3 Qc2+ 32. Qe2 Qc1 33. Ne4 a5 34. Nd6 Kg8 35. Nxb5 Bc5 36. Nd6 Qg1+ 37. Kh3 Qh1+ 38. Kg4 g6 39. hxg6 fxg6 40. Qxc4+ Kh8 41. f5 Bxd6 42. Qc8+ Kh7 43. Qd7+ Kg8 44. Qe6+ Kh8 45. Qe8+ Kh7 46. fxg6+ 1-0

[Event "Kronborg Chess Open 2024 GM"]
[Site "Helsingor"]
[Date "2024.05.10"]
[Round "5"]
[White "Heimisson, Hilmir Freyr"]
[Black "Stefansson, Vignir Vatnar"]
[Result "0-1"]
[WhiteElo "2378"]
[BlackElo "2463"]
[PlyCount "83"]
[EventDate "2024.05.08"]
[EventType "tourn"]
[EventRounds "9"]
[EventCountry "DEN"]
[SourceTitle "Live from Kronborg Chess Open 2024"]

1. e4 e5 2. Nf3 Nc6 3. Bc4 Bc5 4. c3 Nf6 5. d4 exd4 6. b4 Be7 7. b5 Na5 8. Bd3 d5 9. e5 Ne4 10. cxd4 c6 11. bxc6 Bb4+ 12. Nbd2 Nxc6 13. O-O Nxd2 14. Bxd2 Bxd2 15. Qxd2 Bg4 16. Ng5 Bh5 17. Rab1 Qe7 18. Bxh7 O-O-O 19. Bf5+ Kb8 20. f4 Ka8 21. Rb5 Rh6 22. Rfb1 b6 23. Bc2 f6 24. Nh3 Be8 25. Nf2 Rh4 26. Bb3 Qe6 27. Bd1 fxe5 28. dxe5 Nxe5 29. fxe5 Bxb5 30. Rxb5 Qxe5 31. Ng4 Qe6 32. Bf3 Kb8 33. h3 Rh5 34. Qf4+ Qd6 35. Qf7 Rg5 36. h4 Rf8 37. Rxd5 Rxf7 38. Rxd6 Rh5 39. Nf6 Rxh4 40. Ne8 Kc8 41. Re6 Kd7 42. Bc6+ 0-1